| 000 | 00675nam a2200241 i 4500 | ||
|---|---|---|---|
| 001 | C2-0265726 | ||
| 003 | PPAK | ||
| 005 | 20180727233618.0 | ||
| 008 | 050707s2002 my a|||| ||||| | eng d | ||
| 022 | _a1511-841X | ||
| 040 |
_aPPAK _beng _cPPAK _erda |
||
| 082 | 0 | 4 |
_a915.95104 _223 |
| 090 | 0 | 0 |
_a915.95104 _bVIS _dR |
| 245 | 0 | 0 | _aVisitors guide to Malaysia |
| 250 | _a13th. ed. | ||
| 264 | 1 |
_aKuala Lumpur : _bTourism Publications , _c2002 |
|
| 300 |
_a259 pages : _bcolour illustrations ; _c29 cm |
||
| 336 |
_2rdacontent _atext |
||
| 337 |
_2rdamedia _aunmediated |
||
| 338 |
_2rdacarrier _avolume |
||
| 650 | 1 | 0 | _aMalaysia - Description and travel. |
| 942 |
_ddc _cB |
||
| 999 |
_c75220 _d75220 |
||